000 00528nam a2200181 4500
001 116611
003 ES-MaACL
005 20230906190734.0
007 t|
008 061121s1973 sp r ||||1| spa d
100 1 _aOtero Pedrayo, Ramón,
_d1888-1976
_987917
245 1 0 _aObras selectas /
_cRamón Otero Pedrayo.
260 _aVigo :
_bGalaxia,
_c1973 (
_fGráf. Galicia)
300 _a1 v. ;
_c22 cm.
505 8 _aContiene: Parladoiro. Artículos
852 _aES-MaACL
_jP-1681
_bR.87301
999 _c116611
_d116611